| 000 | 00913nam a22002057a 4500 | ||
|---|---|---|---|
| 005 | 20111012105523.0 | ||
| 008 | 111012t xxu||||| |||| 00| 0 eng d | ||
| 010 | _aENG-103954 | ||
| 020 | _c90.00 | ||
| 035 | _aEN-87487 | ||
| 037 | _bDBAD/PUB | ||
| 040 |
_aDPL _bEng |
||
| 082 | _a343.072 | ||
| 245 | _aThe Industrial disputes act , 1947 (14 of 1947) as amended by the industrial disputes (amendment) act, 2010 (24 of 2010) with state amendments and quick review flow chart along with short notes | ||
| 260 |
_aDelhi _bUniversal Law Publishing _c2011 |
||
| 270 |
_aC-FF-1A, Dilkhush Industrial Estate, (Opp. Hans Cinema, Azadpur) G.T. Karnal Road, _bDelhi _e110033 |
||
| 300 |
_axi,iv,159p. _c24cm (pbk) |
||
| 942 |
_2ddc _cEN _h343.072 _mIND |
||
| 999 |
_c57562 _d57562 |
||